Frank v. / (Record no. 188637)

MARC details
000 -LEADER
campo de control de longitud fija 00742nam a2200217 i 4500
001 - NÚMERO DE CONTROL
campo de control 188637
003 - IDENTIFICADOR DE NÚMERO DE CONTROL
campo de control ES-MaACL
005 - FECHA Y HORA DE LA ÚLTIMA TRANSACCIÓN
campo de control 20250824081509.0
007 - CAMPO FIJO DE DESCRIPCIÓN FÍSICA--INFORMACIÓN GENERAL
campo de control de longitud fija t|
008 - DATOS DE LONGITUD FIJA--INFORMACIÓN GENERAL
campo de control de longitud fija 190116s1965 sp f |||| | spa d
100 1# - ENTRADA PRINCIPAL--NOMBRE DE PERSONA
Nombre de persona Dürrenmatt, Friedrich (
Fechas asociadas al nombre 1921-1990)
9 (RLIN) 46322
245 10 - MENCIÓN DEL TÍTULO
Título Frank v. /
Mención de responsabilidad, etc. Friedrich Dürrenmatt ; [traducción del alemán por Felix Formosa] ; prólogo y notas de Julio Diamante.
260 ## - PUBLICACIÓN, DISTRIBUCIÓN, ETC.
Lugar de publicación, distribución, etc. Barcelona :
Nombre del editor, distribuidor, etc. Aymá,
Fecha de publicación, distribución, etc. 1965.
300 ## - DESCRIPCIÓN FÍSICA
Extensión 132 p., 4 lám. ;
Dimensiones 19 cm.
490 1# - MENCIÓN DE SERIE
Mención de serie Voz Imagen.
-- Serie teatro ;
Designación de volumen o secuencia 6
700 1# - ENTRADA AGREGADA--NOMBRE PERSONAL
Nombre de persona Formosa, Feliu,
Fechas asociadas al nombre 1934-
9 (RLIN) 51759
700 1# - ENTRADA AGREGADA--NOMBRE PERSONAL
Nombre de persona Diamante, Julio.
9 (RLIN) 44096
830 00 - PUNTO DE ACCESO ADICIONAL DE SERIE-TÍTULO UNIFORME
Título uniforme Voz imagen.
Nombre de parte o sección de la obra Teatro
Designación de volumen o secuencia 6
9 (RLIN) 193124
852 ## - LOCALIZACIÓN
Ubicación ES-MaACL
Número de control de estantería P-295-Ter-5
Holdings
Estatus retirado Estado de pérdida Estado de daño No para préstamo Biblioteca de origen Biblioteca actual Ubicación en estantería Fecha de adquisición Fuente de adquisición Total de préstamos Signatura topográfica completa Código de barras Visto por última vez Precio de reemplazo Tipo de ítem Koha
        Biblioteca del Ateneo de Madrid Biblioteca del Ateneo de Madrid Depósito 2 16/01/2019     P-295-Ter-5 1199633 23/02/2023 23/02/2023 Libro impreso